000 01007nam a2200337 a 4500
003 AR-BaBNM
005 20251128205032.0
008 082120s2002 ||||||||||||||000 | spa||
020 _a968-863-091-8
040 _cAR-BaBNM
100 1 _aGimate-Welsh, Adrián S.
245 0 0 _aIntroducción a la lingüística
_bmodelos y reflexiones actuales
250 _a2ª ed.
260 _aMéxico, D.F.
_bFondo de Cultura Económica
_bUniversidad Autónoma de Puebla
_c1994
300 _a251 p.
490 0 _aSección de obras de Lengua y Estudios Literarios
500 _aContiene prefacio a la segunda edición
504 _aBibliografía p. 243-250
650 4 _aMODELOS LINGÜISTICOS
650 4 _aTEORIA LINGÜISTICA
650 4 _aTIPOLOGIA DEL LENGUAJE
650 4 _aLINGÜISTICA COMPARADA
650 4 _aESTRUCTURALISMO
650 4 _aANALISIS LINGÜISTICO
650 4 _aGRAMATICA
650 4 _aFONOLOGIA
650 4 _aSEMANTICA
650 4 _aSINTAXIS
942 _cBK
998 _cisola
999 _c9732
_d9732